000 00434pab a2200157 454500
008 180718b xxu||||| |||| 00| 0 eng d
100 _aMayer Robert
245 _aMarx, Lenin and the corruption of working class
362 _a41(4), Dec 93, p.636-49
650 _a Labour
650 _a Marx, Karl -- On Corruption
650 _a Lenin, V.I. -- On Corruption
650 _aCorruption
773 _aPolitical Studies
909 _a26057
999 _c26057
_d26057